Etudes : revue de culture contemporaine /

Etudes es una revista de cultura de enfoque universalista, fundada por los jesuitas en 1856. Su publicación es mensual, con un número doble correspondiente a los meses de julio y agosto. El contenido de la revista se sustenta en el pensamiento tradicional jesuita y, desde una perspectiva humanista,...

Ful tanımlama

Kaydedildi:
Detaylı Bibliyografya
Materyal Türü: Süreli
Dil:Fransızca
Konular:
Etiketler: Etiketle
Etiket eklenmemiş, İlk siz ekleyin!

MARC

LEADER 00000nas^a2200000^a^4500
001 000292192
005 20260514103907.0
009 20260526135022.312
022 |a 0014-1941 
037 |a Acervo Xavier Clavigero 
041 |a FRA 
094 |a 126 FXC 
222 0 |a Etudes :,  |b (revue de culture contemporaine /) 
240 1 1 |a [Etvdes] 
245 0 0 |a Etudes :  |b revue de culture contemporaine / 
264 |a París, Francia  |b Assas,  |c 2009- 
300 |a volúmenes 
310 |a Mensual (julio-agosto doble),  |b 1960 - 
321 |a Cuatrimestral (excepto 1940-1944),  |b 1897-1959 
321 |a Trimestral,  |b 1888-1896 
321 |a Irregular,  |b 1856-1887 
336 |a texto  |b txt  |2 rdacontenido 
337 |a sin mediación  |b n  |2 rdamedio 
338 |a volumen  |b nc  |2 rdasoporte 
362 |a V. 410, N° 1 (enero 2009) - V. 421, N° 6 (junio 2010) 
520 |a Etudes es una revista de cultura de enfoque universalista, fundada por los jesuitas en 1856. Su publicación es mensual, con un número doble correspondiente a los meses de julio y agosto. El contenido de la revista se sustenta en el pensamiento tradicional jesuita y, desde una perspectiva humanista, ofrece reflexiones sobre temas de actualidad global en ámbitos como la sociedad, economía, ética, política, tecnología, ciencia, filosofía, literatura, arte, teología y religión. Cada artículo incluye un resumen de aproximadamente diez páginas, elaborado por destacados especialistas en cada disciplina. Además, la revista cuenta con secciones dedicadas a exposiciones, teatro, cine y reseñas bibliográficas. Actualmente, Etudes es la revista de mayor difusión en Francia. El acervo Xavier Clavigero conserva ejemplares impresos de esta revista publicados en 2009 y 2010. 
599 |a La numeración de las revistas del Fondo Xavier Clavigero se están adecuando al acomodo en que quedaron en el traslado al ITESO y por lo tanto comienza la numeración a partir del 1 acompañadas de FXC desde este primer semestre de 2008. Las revistas que se dieron de alta anteriormente se irán incorporando a esta numeración. 
599 |a No vigente 
649 |a XX 
650 |a Cultura -  |x Publicaciones Periódicas Francesas -  |x Tema Principal 
650 |a Jesuitas -  |x Publicaciones Periódicas Francesas 
650 |a Publicaciones Periódicas Francesas 
910 |a Fondo General 
920 |a Impresos - Publicaciones Periódicas 
905 |a 105 
902 |a https://opac.biblio.iteso.mx/vufind/Record/000292192